000 00301nam a22001337a 4500
008 171017b xxu||||| |||| 00| 0 eng d
020 _a9780470116173
041 _aeng
080 _26TH
_a338
100 _a53
101 _aMEN
245 _aMANAGING THE BUSINESS PROJECT
_cWILEY,J
942 _2udc
_cBK
999 _c34505
_d34505